| Tag |
First Indicator |
Second Indicator |
Subfields |
| LEADER |
00000cam a2200000 a 4500 |
| 001 |
in00001407561 |
| 005 |
20151020062227.0 |
| 008 |
980224s1997 txu s000 0 eng d |
| 035 |
|
|
|a (OCoLC)38501220
|
| 035 |
|
|
|9 AHP1012AM
|
| 040 |
|
|
|a IKM
|c IKM
|d TXA
|d UtOrBLW
|
| 049 |
|
|
|a TXAO
|
| 086 |
|
|
|a S900.8 SO34 1997
|2 txdocs
|
| 245 |
0 |
0 |
|a Soil and water conservation in Texas :
|b conserving our natural resources /
|c [prepared by Texas State Soil and Water Conservation Board].
|
| 264 |
|
1 |
|a Temple, Tex. :
|b The Board,
|c [1997]
|
| 300 |
|
|
|a 6 unnumbered pages ;
|c 24 x 11 cm.
|
| 336 |
|
|
|a text
|b txt
|2 rdacontent
|
| 337 |
|
|
|a unmediated
|b n
|2 rdamedia
|
| 338 |
|
|
|a volume
|b nc
|2 rdacarrier
|
| 500 |
|
|
|a Cover title.
|
| 500 |
|
|
|a "October 1997"--P. [4] of cover.
|
| 610 |
2 |
0 |
|a Texas State Soil and Water Conservation Board.
|
| 650 |
|
0 |
|a Soil conservation districts
|z Texas.
|
| 650 |
|
0 |
|a Water districts
|z Texas.
|
| 710 |
2 |
|
|a Texas State Soil and Water Conservation Board.
|
| 948 |
|
|
|a c:jrh
|
| 999 |
|
|
|a MARS
|
| 999 |
f |
f |
|s 2c3da106-1af3-3988-9b21-dddec9ce8c89
|i dac6005c-aada-3790-9579-b6f3fd289e56
|t 0
|
| 952 |
f |
f |
|p normal
|a Texas A&M University
|b College Station
|c Sterling C. Evans Library
|d Evans: Texas Documents (Annex 5th floor)
|t 0
|e S900.8 SO34 1997
|h Other scheme
|i unmediated -- volume
|m A14823057992
|
| 998 |
f |
f |
|a S900.8 SO34 1997
|t 0
|l Evans: Texas Documents (Annex 5th floor)
|